Das Volksbuch (Record no. 6207)

MARC details
000 -CABECERA
campo de control de longitud fija 00665nam a2200229 a 4500
001 - NÚMERO DE CONTROL
campo de control BRCA_6523
005 - FECHA Y HORA DE LA ÚLTIMA TRANSACCIÓN
campo de control 20190320205505.0
008 - DATOS DE LONGITUD FIJA--INFORMACIÓN GENERAL
campo de control de longitud fija 280911s1882----gw-a######---#000-0#ger-#
041 ## - CÓDIGO DE LENGUA
Código de lengua del texto/banda sonora o título independiente ger
044 ## - CÓDIGO DEL PAÍS DE LA ENTIDAD EDITORA/PRODUCTORA
Código MARC del país gw
050 #4 - SIGNATURA TOPOGRÁFICA DE LA BIBLIOTECA DEL CONGRESO
Número de clasificación PT883
Número de documento/Ítem .E84 1882
100 1# - ENTRADA PRINCIPAL--NOMBRE DE PERSONA
Nombre de persona Eulenspiegel, Till
9 (RLIN) 16279
245 10 - MENCIÓN DE TÍTULO
Título Das Volksbuch
Mención de responsabilidad, etc. Till Eulenspiegel; nach der ältesten Ausgabe von 1519 Einleitung von Karl Pannier.
260 ## - PUBLICACIÓN, DISTRIBUCIÓN, ETC.
Lugar de publicación, distribución, etc. Leipzig
Nombre del editor, distribuidor, etc. Philipp Reclam
Fecha de publicación, distribución, etc. 1882
300 ## - DESCRIPCIÓN FÍSICA
Extensión 196 p.
Otras características físicas il.
Dimensiones 14 cm.
500 ## - NOTA GENERAL
Nota general L61
650 14 - PUNTO DE ACCESO ADICIONAL DE MATERIA--TÉRMINO DE MATERIA
Término de materia o nombre geográfico como elemento de entrada Literatura Alemana
9 (RLIN) 6160
650 14 - PUNTO DE ACCESO ADICIONAL DE MATERIA--TÉRMINO DE MATERIA
Término de materia o nombre geográfico como elemento de entrada Cuentos alemanes
9 (RLIN) 10273
700 1# - PUNTO DE ACCESO ADICIONAL--NOMBRE DE PERSONA
Nombre de persona Pannier, Karl
Término indicativo de función/relación introducción.
9 (RLIN) 16280
902 ## - CATALOGADOR
Iniciales GFM
942 ## - ELEMENTOS DE PUNTO DE ACCESO ADICIONAL (KOHA)
Fuente del sistema de clasificación o colocación Library of Congress Classification
Tipo de ítem Koha Libros
Holdings
Estado de retiro Estado de pérdida Estado dañado No para préstamo Localización permanente Ubicación/localización actual Fecha de adquisición Número de inventario Total de préstamos Signatura topográfica completa Código de barras Fecha visto por última vez Precio válido a partir de Tipo de ítem Koha
El ejemplar forma parte de la colección y puede ser consultado según las políticas vigentes.       Biblioteca del Museo Franz Mayer (Rogerio Casas-Alatriste) Biblioteca del Museo Franz Mayer (Rogerio Casas-Alatriste) 28/09/2011 L61   PT883 .E84 1882 (L61) 6970 22/03/2019 22/03/2019 Libros